Công tác điều tra, xử lý các vụ án về ma tuý qua 4 năm 1994-1997 /

Bewaard in:
Bibliografische gegevens
Hoofdauteur: Nguyễn Đức Thuận.
Formaat: Artikel
Taal:Vietnamese
Onderwerpen:
Tags: Voeg label toe
Geen labels, Wees de eerste die dit record labelt!
Thư viện lưu trữ: Thư viện Trường Đại học Đà Lạt
LEADER 00752nam a2200253 4500
001 DLU090090480
005 ##20090220
040 # # |a DLU  |b vie 
041 # # |a vie 
044 # # |a vn 
100 # # |a Nguyễn Đức Thuận. 
245 # # |a Công tác điều tra, xử lý các vụ án về ma tuý qua 4 năm 1994-1997 /  |c  Nguyễn Đức Thuận. 
653 # # |a Điều tra 
653 # # |a Ma tuý 
773 # # |t Nhà nước và pháp luật  |g Số 7(123), 1998, tr. 44-52 
920 # # |a Phòng Tạp chí -- Trung tâm Thông tin - Thư viện Trường Đại học Đà Lạt 
994 # # |a DLU 
900 # # |a True 
911 # # |a Nguyễn Thị Mai Anh 
925 # # |a G 
926 # # |a A 
927 # # |a BB 
980 # # |a Thư viện Trường Đại học Đà Lạt